Total quality process control for injection molding /
Guardado en:
| Autor Principal: | |
|---|---|
| Formato: | Libro |
| Idioma: | English |
| Publicado: |
Munich :
Hanser Publishers,
c1993.
|
| Series: | SPE books
|
| Materias: | |
| Acceso en línea: | Descripción Tabla de contenido |
| Etiquetas: |
Agregar Etiqueta
Sin Etiquetas, Sea el primero en etiquetar este registro!
|
| LEADER | 01059pam a22002655a 4500 | ||
|---|---|---|---|
| 001 | EIQ.libpla003577 | ||
| 008 | 920617s1993####gw#ao####b####001#0#eng#d | ||
| 005 | 20080214191546.0 | ||
| 245 | 1 | 0 | |a Total quality process control for injection molding / |c M. Joseph Gordon, Jr. |
| 260 | |a Munich : |b Hanser Publishers, |c c1993. | ||
| 300 | |a xiv, 604 p. : |b il., fotos ; |c 25 cm. | ||
| 490 | 1 | |a SPE books from Hanser Publishers | |
| 500 | |a "With 242 figures". | ||
| 504 | |a Incluye referencias bibliográficas (p. 563-569) e índice. | ||
| 020 | |a 3446160787 (Hanser) | ||
| 100 | 1 | |a Gordon, Joseph |q (M. Joseph) | |
| 830 | 0 | |a SPE books | |
| 082 | 0 | 0 | |a 668.4/12 |2 20 |
| 650 | 4 | |a Moldeado de plásticos |x Control de calidad. | |
| 650 | 0 | |a Molding of plastics |x Quality control. | |
| 010 | |a 92023800 | ||
| 040 | |a DLC |c DLC |d AR-BbSID | ||
| 856 | 4 | 2 | |3 Descripción |u http://www.loc.gov/catdir/enhancements/fy0637/92023800-d.html |
| 856 | 4 | 1 | |3 Tabla de contenido |u http://www.loc.gov/catdir/enhancements/fy0637/92023800-t.html |
| 859 | |a AR-BbSID |b BIB. PLAPIQUI |h 668.412 |i G 1 |p 4598 | ||
